Eastern Utah Libraries Catalog: Duchesne, Heber, Roosevelt, & Vernal

House of cards. The complete third season. (Record no. 287547)

MARC details
000 -LEADER
fixed length control field 02863cgm a2200637Ii 4500
001 - CONTROL NUMBER
control field ocn909296015
003 - CONTROL NUMBER IDENTIFIER
control field OCoLC
005 - DATE AND TIME OF LATEST TRANSACTION
control field 20251212103631.0
007 - PHYSICAL DESCRIPTION FIXED FIELD--GENERAL INFORMATION
fixed length control field vd cvaizq
008 - FIXED-LENGTH DATA ELEMENTS--GENERAL INFORMATION
fixed length control field 150518s2015 cau691 e vleng d
020 ## - INTERNATIONAL STANDARD BOOK NUMBER
Terms of availability 29.95
024 10 - OTHER STANDARD IDENTIFIER
Standard number or code 043396459854
028 42 - PUBLISHER NUMBER
Publisher number 45985
Source Columbia
028 42 - PUBLISHER NUMBER
Publisher number 10855576
Source Columbia
035 ## - SYSTEM CONTROL NUMBER
System control number (OCoLC)909296015
037 ## - SOURCE OF ACQUISITION
Source of stock number/acquisition Midwest Tape
Note http://www.midwesttapes.com
040 ## - CATALOGING SOURCE
Original cataloging agency TEFMT
Language of cataloging eng
Description conventions rda
Transcribing agency TEFMT
Modifying agency OCLCO
-- TEF
-- OCLCO
-- BDX
-- GK8
-- OJ4
-- IEP
-- OCLCO
-- IHY
-- JP3
-- JQW
-- MYNLM
-- IOT
-- IBI
-- OCLCO
-- WACOL
041 1# - LANGUAGE CODE
Language code of text/sound track or separate title eng
-- fre
Language code of original and/or intermediate translations of text eng
043 ## - GEOGRAPHIC AREA CODE
Geographic area code n-us---
049 ## - LOCAL HOLDINGS (OCLC)
Holding library WACL
050 #4 - LIBRARY OF CONGRESS CALL NUMBER
Classification number PN1992.77
Item number .H68 2015
082 04 - DEWEY DECIMAL CLASSIFICATION NUMBER
Classification number 791.45/75
Edition number 23
092 ## - LOCALLY ASSIGNED DEWEY CALL NUMBER (OCLC)
Classification number DVD
Item number Hou
130 0# - MAIN ENTRY--UNIFORM TITLE
Uniform title House of cards (Television program : U.S.).
Number of part/section of a work Season 3.
9 (RLIN) 5901741
245 10 - TITLE STATEMENT
Title House of cards. The complete third season.
257 ## - COUNTRY OF PRODUCING ENTITY FOR ARCHIVAL FILMS
Country of producing entity United States
264 #1 - Production, Publication, Distribution, Manufacture, and Copyright Notice.
Place of production, publication, distribution, manufacture [Culver City, California] :
Name of producer, publisher, distributor, manufacturer Sony Pictures Home Entertainment,
Date of production, publication, distribution, manufacture, or copyr [2015]
300 ## - PHYSICAL DESCRIPTION
Extent 4 videodiscs (approximately 691 min.) :
Other physical details sound, color ;
Dimensions 4 3/4 in.
336 ## - Content Type
Content type term two-dimensional moving image
337 ## - Media type
Media type term video
338 ## - Carrier type
Carrier type term videodisc
500 ## - GENERAL NOTE
General note Title from container.
500 ## - GENERAL NOTE
General note Originally released as episodes of the television program in 2015.
500 ## - GENERAL NOTE
General note Widescreen.
500 ## - GENERAL NOTE
General note Special feature: Backstage politics: on the set of House of Cards.
505 0# - FORMATTED CONTENTS NOTE
Formatted contents note Disc 1. Chapters 27-29 -- Disc 2. Chapters 30-32 -- Disc 3. Chapters 33-36 -- Disc 4. Chapters 37-39.
508 ## - CREATION/PRODUCTION CREDITS NOTE
Creation/production credits note Writers include Beau Willimon ; directors include James Foley, John Dahl, Robin Wright, Agnieszka Holland ; music by Jeff Beal.
511 1# - PARTICIPANT OR PERFORMER NOTE
Participant or performer note Kevin Spacey, Michael R. Gill, Robin Wright.
520 ## - SUMMARY, ETC.
Summary, etc A congressman works with his wife to seek revenge on those who have wronged him.
521 8# - TARGET AUDIENCE NOTE
Target audience note Rating: Not rated.
538 ## - SYSTEM DETAILS NOTE
System details note DVD; NTSC, Region 1; anamorphic widescreen 2.00:1; Dolby digital 5.1.
546 ## - LANGUAGE NOTE
Language note English or French dialogue; English, Spanish, Portuguese or French subtitles; SDH, English subtitles for the deaf and hard of hearing.
650 #0 - SUBJECT ADDED ENTRY--TOPICAL TERM
Topical term or geographic name as entry element Legislators
General subdivision Corrupt practices
Geographic subdivision United States
Form subdivision Drama.
9 (RLIN) 6557573
650 #0 - SUBJECT ADDED ENTRY--TOPICAL TERM
Topical term or geographic name as entry element Politicians
General subdivision Corrupt practices
Form subdivision Drama.
9 (RLIN) 6557574
650 #0 - SUBJECT ADDED ENTRY--TOPICAL TERM
Topical term or geographic name as entry element Revenge
Form subdivision Drama.
9 (RLIN) 5697951
655 #7 - INDEX TERM--GENRE/FORM
Genre/form data or focus term Television series.
Source of term lcgft
9 (RLIN) 5674288
655 #7 - INDEX TERM--GENRE/FORM
Genre/form data or focus term Political television programs.
Source of term lcgft
9 (RLIN) 5763615
655 #7 - INDEX TERM--GENRE/FORM
Genre/form data or focus term Video recordings for the hearing impaired.
Source of term lcgft
9 (RLIN) 5901744
700 1# - ADDED ENTRY--PERSONAL NAME
Personal name Spacey, Kevin,
Relator term actor.
9 (RLIN) 60523
700 1# - ADDED ENTRY--PERSONAL NAME
Personal name Gill, Michel,
Dates associated with a name 1960-
Relator term actor.
9 (RLIN) 5796446
700 1# - ADDED ENTRY--PERSONAL NAME
Personal name Wright, Robin,
Dates associated with a name 1966-
Relator term actor.
9 (RLIN) 38342
710 2# - ADDED ENTRY--CORPORATE NAME
Corporate name or jurisdiction name as entry element Sony Pictures Home Entertainment (Firm),
Relator term publisher.
9 (RLIN) 71947
730 02 - ADDED ENTRY--UNIFORM TITLE
Uniform title House of cards (Television program : U.S.).
Number of part/section of a work Season 3.
Language of a work French.
9 (RLIN) 5901745
942 ## - ADDED ENTRY ELEMENTS (KOHA)
Koha item type DVD
Source of classification or shelving scheme Dewey Decimal Classification
948 ## - LOCAL PROCESSING INFORMATION (OCLC); SERIES PART DESIGNATOR (RLIN)
Series part designator, SPT (RLIN) 09/14/2015
z (OCLC) Sirsi
Holdings
Withdrawn status Lost status Source of classification or shelving scheme Materials specified (bound volume or other part) Damaged status Not for loan Collection code Home library Current library Shelving location Date acquired Source of acquisition Cost, normal purchase price Total Checkouts Total Renewals Full call number Barcode Date last seen Date checked out Cost, replacement price Price effective from Koha item type
    Dewey Decimal Classification .CIRCNOTE. 4 discs     Television Series Wasatch County Library Wasatch County Library Audio Visual Area 09/14/2015 Amazon 15.95 23 1 TV Series House of Cards #3 34301001440561 02/28/2026 02/20/2026 15.95 03/20/2020 DVD Series
This project was made possible through a grant from the Institute of Museum and Library Service administered by the Utah State Library Division.

Wasatch County Library

  • 465 East 1200 South, Heber City, Utah 84032
  • Phone 435-654-1511 | Fax 435-654-6456

Hours

  • Monday - Friday 9:30 AM - 8:00 PM
  • Saturday 9:30 AM - 1:30 PM
  • Closed Sundays and Holidays